Sports Quiz

Random Sports or Olympics Quiz

Olympic Medalists By Country Quiz Stats

Quiz Updated Jul 13, 2016

Challenge
Share
Tweet
Embed
Score 0/26 Timer 07:00
2 Plays Today
Athlete Country % Correct
Shaun WhiteUnited States
83%
Wang MengChina
81.9%
Evgeni PlushenkoRussia
72.7%
Amy WilliamsGreat Britain
68.7%
Mo Tae-BumRepublic of Korea
64.9%
Joannie RochetteCanada
58.4%
Petter NorthugNorway
58.1%
Johan OlssonSweden
56.4%
Joji KatoJapan
56.2%
Maria RieschGermany
54.1%
Mikka KiprusoffFinland
50.2%
Dale Begg-SmithAustralia
46.6%
Sven KramerNetherlands
45.8%
Athlete Country % Correct
Jason Lamy ChappuisFrance
41.4%
Simon AmmannSwitzerland
41.3%
Alessandro PittinItaly
36.9%
Elisabeth GoerglAustria
35.8%
Adam MalyszPoland
30%
Ivica KostelicCroatia
28.3%
Sergey NovikovBelarus
25.3%
Elena Khrustaleva Kazakhstan
15.8%
Lukas BauerCzech Republic
15.8%
Martins DukursLatvia
15.6%
Tina MazeSlovenia
14.4%
Kristina Smigun-VaehiEstonia
14.4%
Anastasia KuzminaSlovakia
13.9%

You're not logged in!

Compare scores with friends on all Sporcle quizzes.
Join for Free
OR
Log In

You Might Also Like...

Show Comments

Extras

Top Quizzes Today


Score Distribution

Your Account Isn't Verified!

In order to create a playlist on Sporcle, you need to verify the email address you used during registration. Go to your Sporcle Settings to finish the process.

Report this User

Report this user for behavior that violates our Community Guidelines.

Details: